LEADER 00693naa a2200133 i 4500 001 000000325266 003 CaOOAMICUS 005 20180831173459.0 008 180831n it u000 u ita u 013 $a36255 040 $aSeMil$bita 245 14$aGli apologisti involontari ovvero la religione cristiana provata e difesa dai filosofi suoi avversari. 773 0 $tVol. 7.$kTesoro cattolico. Classe 3., Eloquenza, letteratura e varietà : scelta di opere antiche e moderne atte a sanar le piaghe religiose e politiche che affliggono l'odierna società$w()246624 996 $6245$aGli apologisti involontari ovvero la religione cristiana provata e difesa dai filosofi suoi avversari$9(OLS)http://semarc/title/398442 LEADER 00939nam a2200229 4500 001 000000338474 003 CaOOAMICUS 005 20230329124953.0 008 191210s1789 it 000 u ita r 026 $ao-r- a-3. t-e: (1"t (3) 1789 (R) 040 $aSeMil$bita 100 01$aBolgeni, Giovanni Vincenzo,$d<1733-1811>.$0(OLS)http://semarc/name/23348 245 00$aParte 1. 264 1$c1789. 300 $a[4], XXVII, [1], 1-296 p. ;$cfol. 500 $aSegn.: [a]? b? A-2O? 773 0 $aBolgeni, Giovanni Vincenzo <1733-1811>$tEpiscopato ossia della potestà di governar la Chiesa. Dissertazione divisa in due parti. Parte 1. [-2.].$d1789.$g1$w()338473 850 $aSeMil 852 $aSeMil$W1$xVenegono$y1$m3X VI 16 FA$j217578$B229695$CSeMilBibl$Z2$F229695 $8I 996 $6245$aParte 1$9(OLS)http://semarc/title/49080 996 $6264$a[S.l.] :$b[s.n.]$9(OLS)http://semarc/publisher/0